Представление документа в формате RUSMARC

ПолеНазваниеЗначение
  Тип записи a
  Библиографический уровень m
001 Контрольный номер a4f3e085a18b4d6d8d46bee0ebec5c11
005 Дата корректировки 20200121102714.6
010 Индекс ISBN __
a ISBN 978-5-394-03038-3
101 Язык документа 0_
a Язык текста rus
102 Страна публикации __
a Страна публикации RU
200 Заглавие и сведения об ответственности 1_
a Заглавие Маркетинговый анализ: инструментарий и кейсы
b Общее обозначение материала Текст
e Сведения, относящиеся к заглавию учеб. пособие
f Первые сведения об ответственности коллектив авторов
g Последующие сведения об ответственности под ред. Л. С. Латышовой
210 Выходные данные 1_
a Место издания Москва
c Издательство Дашков и К
d Дата издания 2018
215 Физическое описание __
a Объем 142 с.
330 Аннотация __
a Аннотация Предлагаемые в учебном пособии кейсы отражают современную практику российских и международных компаний. Пособие включает семь тем: "Содержание маркетингового процесса, направленного на предоставление ценности клиентам", "Анализ и управление торговым ассортиментом предприятия розничной торговли", "Бренд-менеджмент", "Омниканальный маркетинг", "Количественные методы исследования в маркетинге", "Продвижение услуг компании посредством интернет-маркетинга", "Международный маркетинг". В начале каждой темы даны основные понятия и интструменты маркетингового анализа, знание которых будет полезно студентам при разборе кейсов. Для студентов, обучающихся по направлению подготовки "Менеджмент", профиль "Маркетинг" (уровень бакалавриата), а также по направлению подготовки "Менеджмент" (уровень магистратуры). Гриф.
610 Ключевые слова 0_
a Ключевые слова маркетинговый процесс
a Ключевые слова маркетинг
a Ключевые слова кейсы
a Ключевые слова учебное пособие
a Ключевые слова бакалавриат
610 Ключевые слова 0_
a Ключевые слова магистратура
a Ключевые слова гриф
686 Индексы других классификаций __
a Классификационный индекс 65.290-2
702 Вторичная интеллектуальная ответственность _1
a Фамилия Латышова
b Имя Л. С.
e Роль лиц Редактор
4 Код отношения 340
801 Источник записи _0
a Страна RU
b Организация РУК
c Дата составления 20200121
g Правила каталогизации PSBO
801 Источник записи _1
a Страна RU
b Организация РУК
g Правила каталогизации PSBO
852 Данные о местонахождении __
i Авторский знак М 25
j Шифр хранения 65.290
901 Тип документа __
t Тип документа m
937 Технологическая информация __
a Создатель записи (имя) Мясникова
938 Служебная информация __
a Название организации Головной вуз
952 Тип литературы __
c Вид литературы учебное пособие
b Гриф литературы для ВШ гриф